| 000 | 00766cam a22002653a 4500 | ||
|---|---|---|---|
| 001 | 24226 | ||
| 003 | PGUSA | ||
| 005 | 20140828083522.0 | ||
| 008 | 080110s2008||||xxu|||||s|||||000 | eng d | ||
| 040 |
_aPGUSA _beng |
||
| 042 | _adc | ||
| 050 | 4 | _aDS | |
| 100 | 1 |
_aSima, Qian, _d-145--86 |
|
| 245 | 1 | 0 |
_a史記 _h[electronic resource] / _cQian Sima |
| 260 |
_bProject Gutenberg, _c2008 |
||
| 506 | _aPublic domain in the USA. | ||
| 516 | _aElectronic text | ||
| 653 | _aChina -- History -- To 221 B.C. | ||
| 653 | _aChina -- History -- Qin dynasty, 221-207 B.C. | ||
| 653 | _aChina -- History -- Han dynasty, 202 B.C.-220 A.D. | ||
| 740 | 0 | _aShi ji | |
| 830 | 0 |
_aProject Gutenberg _v24226 |
|
| 856 | 4 | 0 | _uhttp://www.gutenberg.org/ebooks/24226 |
| 942 | _cEB | ||
| 999 |
_c253481 _d253481 |
||